| 000 | 01006cam a22004452 4500 | ||
|---|---|---|---|
| 001 | 0000025311 | ||
| 003 | |||
| 005 | 20151217145958.0 | ||
| 008 | 150618s xx 000 0 eng d | ||
| 010 | _a | ||
| 020 |
_a1437727463 : _c |
||
| 040 |
_aKABU _cKABU |
||
| 041 | 1 |
_a _b _h |
|
| 100 | 1 |
_adeWit, susan C., _d _@0000185881 |
|
| 240 | 1 | _a | |
| 245 | 1 | 0 |
_aFundamental concepts and skills for nursing : _b _cby Susan C. deWit. |
| 246 | 3 | _a | |
| 250 | _a4th ed. | ||
| 260 |
_aUSA : _bElsevier, _c2014. |
||
| 300 |
_a xxii, 933 p. : _bill ; _c |
||
| 440 | 0 | _a | |
| 500 | _a | ||
| 504 | _a | ||
| 505 | 0 | _a | |
| 520 | _a | ||
| 521 | 2 | _a | |
| 590 | _a | ||
| 591 |
_a _b |
||
| 600 | 1 | 0 |
_a _d |
| 610 | 2 | 0 |
_a _b |
| 650 | 0 |
_aNursing process _x _@0000185837 |
|
| 650 | 0 |
_aNursing care _x _@0000185882 |
|
| 651 | 0 |
_a _x |
|
| 690 | _a | ||
| 700 | 1 |
_aPatricia O'Neill, _d _@0000185883 |
|
| 710 | 2 |
_a _b |
|
| 740 | 0 | 2 | _a |
| 908 | _a150618 | ||
| 999 |
_c4683 _d4683 |
||